01287cam a2200325 a 45000010008000000030004000080050017000120080041000290100017000700200032000870400018001190430012001370500022001490820016001711000025001872450140002122600064003523000025004164900077004415000020005185040032005386500040005706500062006106500034006726510030007066510031007366510033007677100070008008300091008703804597OSt20230606104944.0850415s1985 enk b 001 0 eng  a 85008370  a0931477441 (U.S.) :c$25.00 aDLCcDLCdDLC af------00aKQC653b.G63 198500a346.06bGOD1 aGodana, Bonaya Adhi.10aAfrica's shared water resources :blegal and institutional aspects of the Nile, Niger, and Senegal River systems /cBonaya Adhi Godana. aLondon :bF. Pinter ;aBoulder, Colo. :bL. Rienner,c1985. avi, 370 p. ;c24 cm.1 aA publication of the Graduate Institute of International Studies, Geneva aIncludes index. aBibliography: p. [347]-358. 0aWaterxLaw and legislationzAfrica. 0aWater resources developmentxLaw and legislationzAfrica. 0aInternational riverszAfrica. 0aNile RiverxWater rights. 0aNiger RiverxWater rights. 0aSenegal RiverxWater rights.2 aGraduate Institute of International Studies (Geneva, Switzerland) 0aPublications de l'Institut universitaire de hautes études internationales, Genève.